[Event "YUG-chT Cup"]
[Site "Becici"]
[Date "1994.??.??"]
[Round "?"]
[White "Antic, Dejan"]
[Black "Zarkovic, Jugoslav"]
[Result "1-0"]
[WhiteElo "2385"]
[BlackElo "2395"]
[PlyCount "61"]
[EventDate "1994.??.??"]
[EventType "team-tourn"]
[EventRounds "6"]
[EventCountry "YUG"]
[SourceTitle "EXT 2000"]
[Source "ChessBase"]
[SourceDate "1999.11.16"]
[SourceVersion "1"]
[SourceVersionDate "1999.11.16"]
[SourceQuality "1"]

1. d4 f5 2. g3 Nf6 3. Bg2 g6 4. Nf3 Bg7 5. 0-0 0-0 6. b3 d6 7. Bb2 Nh5 8. Qc1 c6 9. c4 e6 10. Re1 a5 11. Nbd2 Na6 12. a3 Nc7 13. e4 f4 14. g4 Nf6 15. h3 Nd7 16. e5 d5 17. g5 b5 18. c5 Ne8 19. Nf1 Rf7 20. N1h2 Nf8 21. Ng4 a4 22. b4 Nd7 23. Bf1 Nc7 24. Bd3 Kf8 25. Nf6 Nxf6 26. exf6 Bxf6 27. gxf6 Qxf6 28. Kh2 Ke7 29. Ne5 Bd7 30. Nxf7 Qxf7 31. Re5 1-0

[Event "YUG-chT"]
[Site "Cetinje"]
[Date "1990.??.??"]
[Round "8"]
[White "Strikovic, Aleksa"]
[Black "Zarkovic, Jugoslav"]
[Result "1/2-1/2"]
[WhiteElo "2465"]
[BlackElo "2400"]
[PlyCount "110"]
[EventDate "1990.??.??"]
[EventType "team-tourn"]
[EventRounds "9"]
[EventCountry "YUG"]
[SourceTitle "EXT 1997"]
[Source "ChessBase"]
[SourceDate "1996.11.15"]
[SourceVersion "1"]
[SourceVersionDate "1996.11.15"]
[SourceQuality "1"]

1. e4 c5 2. c3 d5 3. exd5 Qxd5 4. d4 Nc6 5. Nf3 Nf6 6. Be2 e6 7. Na3 cxd4 8. Nb5 Qd8 9. Nbxd4 Nxd4 10. Qxd4 Qxd4 11. Nxd4 a6 12. Bf4 Nd5 13. Bg3 Bc5 14. 0-0-0 Ne7 15. Nb3 Bb6 16. Rd6 Bc7 17. Rd2 e5 18. Rhd1 f6 19. Nc5 b6 20. Ne4 Nf5 21. Bc4 Ke7 22. Bd5 Ra7 23. Re1 Rd8 24. c4 b5 25. Nc3 bxc4 26. Bxc4 Rxd2 27. Kxd2 Ba5 28. Bxe5 Kf8 29. Bf4 Rd7+ 30. Bd3 g5 31. Be3 Nxe3 32. Rxe3 Bb7 33. g3 Rd6 34. Kc2 Bb6 35. Re2 Bf3 36. Rd2 a5 37. Be4 Rxd2+ 38. Kxd2 Bh5 39. f3 h6 40. Kd3 Bf7 41. Bd5 Be8 42. Kc4 Bg1 43. h3 Bd7 44. g4 Ke7 45. Ne4 Be3 46. Nc5 Be8 47. a3 h5 48. gxh5 Bxh5 49. Nb3 a4 50. Nd4 Bc1 51. Kc3 Kd6 52. Bc6 Kc5 53. Bxa4 Bxb2+ 54. Kxb2 Kxd4 55. Bc6 Bf7 1/2-1/2

[Event "YUG-chT"]
[Site "Cetinje"]
[Date "1990.??.??"]
[Round "2"]
[White "Zarkovic, Jugoslav"]
[Black "Martinovic, Slobodan"]
[Result "1/2-1/2"]
[WhiteElo "2400"]
[BlackElo "2440"]
[PlyCount "95"]
[EventDate "1990.??.??"]
[EventType "team-tourn"]
[EventRounds "9"]
[EventCountry "YUG"]
[SourceTitle "EXT 1997"]
[Source "ChessBase"]
[SourceDate "1996.11.15"]
[SourceVersion "1"]
[SourceVersionDate "1996.11.15"]
[SourceQuality "1"]

1. Nf3 Nf6 2. g3 g6 3. Bg2 Bg7 4. c4 0-0 5. d4 c6 6. Nc3 d6 7. 0-0 Qa5 8. e4 e5 9. h3 Be6 10. d5 cxd5 11. cxd5 Bd7 12. a3 Rc8 13. Be3 Na6 14. b4 Qd8 15. Qd3 Nc7 16. Nd2 Nh5 17. Nc4 Nb5 18. Ne2 Qf8 19. a4 Nc7 20. b5 Ne8 21. b6 a6 22. Na5 Rab8 23. Nxb7 Rxb7 24. Qxa6 Rcb8 25. a5 f5 26. Qd3 f4 27. Bd2 Bf6 28. Rfb1 Bd8 29. Rb4 Ra8 30. Ra3 Bc8 31. Qb3 Rab8 32. g4 Nhf6 33. f3 Nd7 34. Be1 Nxb6 35. a6 Ra7 36. Bf2 Rxa6 37. Rxa6 Bxa6 38. Nc3 Bc4 39. Rxc4 Nd7 40. Qa2 Bb6 41. Bxb6 Rxb6 42. Qa7 Qe7 43. Rc8 Kf8 44. g5 Rb2 45. h4 Nc5 46. Qxe7+ Kxe7 47. Ra8 Rb3 48. Na4 1/2-1/2

[Event "YUG-chT 41st"]
[Site "Zlatibor"]
[Date "1989.09.??"]
[Round "6"]
[White "Osmanovic, Kemal"]
[Black "Zarkovic, Jugoslav"]
[Result "1/2-1/2"]
[WhiteElo "2350"]
[BlackElo "2395"]
[PlyCount "98"]
[EventDate "1989.09.??"]
[EventType "team-tourn"]
[EventRounds "9"]
[EventCountry "YUG"]
[SourceTitle "EXT 2000"]
[Source "ChessBase"]
[SourceDate "1999.11.16"]
[SourceVersion "1"]
[SourceVersionDate "1999.11.16"]
[SourceQuality "1"]
[WhiteTeam "SSK"]
[BlackTeam "Ljubljana Iskra"]
[WhiteTeamCountry "YUG"]
[BlackTeamCountry "YUG"]

1. d4 f5 2. g3 Nf6 3. Bg2 g6 4. c3 Bg7 5. Bg5 d6 6. Nd2 Nc6 7. e4 e5 8. Ngf3 h6 9. Bxf6 Qxf6 10. dxe5 dxe5 11. Qb3 Rb8 12. Bf1 a6 13. a4 Be6 14. Qc2 0-0 15. Bc4 Bxc4 16. Nxc4 Rbd8 17. 0-0 f4 18. Qb3 Qf7 19. Ncd2 b6 20. g4 Rd3 21. Qxf7+ Kxf7 22. Rfd1 Rfd8 23. Kf1 Na5 24. Ke2 Ke6 25. b4 Nb7 26. Rac1 Bf6 27. Nc4 Rxd1 28. Rxd1 Rxd1 29. Kxd1 b5 30. axb5 axb5 31. Na5 Nd6 32. Nd2 h5 33. gxh5 gxh5 34. Ke2 Kd7 35. Kd3 Be7 36. c4 c6 37. c5 Nf7 38. Nf3 Bf6 39. Ke2 Bd8 40. Nb3 Bf6 41. Kd3 Nh6 42. Ke2 Nf7 43. Kf1 Nd8 44. Nc1 Ke6 45. Nd3 Nf7 46. Nde1 Nh8 47. Ng2 Ng6 48. Ke2 Ke7 49. Nd2 Kd7 1/2-1/2

[Event "YUG-chT 41st"]
[Site "Zlatibor"]
[Date "1989.09.??"]
[Round "7"]
[White "Zarkovic, Jugoslav"]
[Black "Arapovic, Vitomir"]
[Result "1-0"]
[WhiteElo "2395"]
[BlackElo "2410"]
[PlyCount "95"]
[EventDate "1989.09.??"]
[EventType "team-tourn"]
[EventRounds "9"]
[EventCountry "YUG"]
[SourceTitle "EXT 2000"]
[Source "ChessBase"]
[SourceDate "1999.11.16"]
[SourceVersion "1"]
[SourceVersionDate "1999.11.16"]
[SourceQuality "1"]
[WhiteTeam "Ljubljana Iskra"]
[BlackTeam "Sarajevo Bosna"]
[WhiteTeamCountry "YUG"]
[BlackTeamCountry "YUG"]

1. Nf3 g6 2. g3 Bg7 3. d4 d6 4. Bg2 Nd7 5. 0-0 e5 6. Nc3 Ngf6 7. dxe5 dxe5 8. b3 0-0 9. Ba3 Re8 10. Nd2 Bf8 11. Bxf8 Rxf8 12. Nc4 Qe7 13. Qd2 Nb6 14. Nxb6 axb6 15. Rfd1 c6 16. a4 Bf5 17. Qd6 Qxd6 18. Rxd6 Kg7 19. e4 Be6 20. Rad1 Ne8 21. R6d2 Nc7 22. f3 b5 23. axb5 Nxb5 24. Nxb5 cxb5 25. Bf1 b4 26. f4 Rfc8 27. Rf2 Rd8 28. Rxd8 Rxd8 29. f5 gxf5 30. exf5 Bc8 31. f6+ Kh6 32. Bd3 Be6 33. Re2 Bxb3 34. Rxe5 Be6 35. Kf2 Rd6 36. Ke3 b3 37. cxb3 Bxb3 38. g4 Re6 39. Rxe6 Bxe6 40. Kf4 b5 41. h4 Bc4 42. Be4 Be2 43. h5 b4 44. Bd5 Bxg4 45. Kxg4 b3 46. Be4 b2 47. Kf4 Kxh5 48. Bxh7 1-0

[Event "YUG-chT 41st"]
[Site "Zlatibor"]
[Date "1989.08.29"]
[Round "2"]
[White "Zarkovic, Jugoslav"]
[Black "Majeric, Zoran"]
[Result "0-1"]
[WhiteElo "2395"]
[BlackElo "2320"]
[PlyCount "122"]
[EventDate "1989.09.??"]
[EventType "team-tourn"]
[EventRounds "9"]
[EventCountry "YUG"]
[SourceTitle "EXT 2000"]
[Source "ChessBase"]
[SourceDate "1999.11.16"]
[SourceVersion "1"]
[SourceVersionDate "1999.11.16"]
[SourceQuality "1"]
[WhiteTeam "Ljubljana Iskra"]
[BlackTeam "Mladost"]
[WhiteTeamCountry "YUG"]
[BlackTeamCountry "YUG"]

1. Nf3 Nf6 2. g3 b5 3. Bg2 Bb7 4. 0-0 e6 5. d3 d5 6. Nbd2 Nbd7 7. e4 dxe4 8. dxe4 Be7 9. Qe2 a6 10. e5 Nd5 11. h4 Nc5 12. Rd1 0-0 13. Nb3 Nxb3 14. axb3 b4 15. Bd2 c5 16. c4 bxc3 17. bxc3 Qc7 18. h5 Rfd8 19. Rdc1 Rd7 20. Ra4 Rad8 21. Rg4 Kh8 22. h6 g6 23. Bg5 Kg8 24. Rh4 Nxc3 25. Rxc3 Bxf3 26. Bxf3 Bxg5 27. Rhc4 Qa5 28. Rxc5 Qa1+ 29. Kg2 Bxh6 30. Rc8 Bf8 31. Rxd8 Rxd8 32. Rc2 a5 33. Ra2 Qc3 34. Qe3 Qxe3 35. fxe3 Bb4 36. Be2 Rd5 37. Kf3 Rxe5 38. e4 h5 39. Bd3 Rc5 40. Rc2 Rxc2 41. Bxc2 Bd6 42. Bd3 Kg7 43. Bb5 g5 44. g4 hxg4+ 45. Kxg4 Kf6 46. Be8 Bf4 47. Kh5 Bd2 48. Kg4 Ke7 49. Bb5 Kf6 50. Be8 Bb4 51. Kh5 Be7 52. Kg4 Bd8 53. Kh5 Ke7 54. Bb5 Kd6 55. Kg4 Ke5 56. Bc6 f5+ 57. exf5 exf5+ 58. Kf3 g4+ 59. Kg3 Kf6 60. Bd7 Kg5 61. Kg2 f4 0-1

[Event "YUG-chT 40th"]
[Site "Brezovica"]
[Date "1988.??.??"]
[Round "?"]
[White "Zarkovic, Jugoslav"]
[Black "Strikovic, Aleksa"]
[Result "0-1"]
[WhiteElo "2385"]
[BlackElo "2450"]
[PlyCount "56"]
[EventDate "1988.??.??"]
[EventType "team"]
[EventRounds "9"]
[EventCountry "YUG"]
[SourceTitle "EXT 2009"]
[Source "ChessBase"]
[SourceDate "2008.11.26"]
[SourceVersion "1"]
[SourceVersionDate "2008.11.26"]
[SourceQuality "1"]

1. Nf3 g6 2. d4 Bg7 3. g3 d6 4. Bg2 Nd7 5. 0-0 e5 6. Nc3 Ngf6 7. dxe5 dxe5 8. a4 0-0 9. Nd2 Re8 10. Nc4 h6 11. h3 Nh7 12. Be3 f5 13. Qd5+ Kh8 14. Rfd1 Nhf6 15. Qf7 Kh7 16. Bc5 e4 17. Ba3 b6 18. f4 exf3 19. Bxf3 c5 20. Nd5 Ne4 21. h4 Rf8 22. Qe7 Ba6 23. Bxe4 fxe4 24. Qxe4 Nf6 25. Nxf6+ Qxf6 26. Rd6 Qf2+ 27. Kh1 Qxg3 28. Rg1 Qh3# 0-1

[Event "YUG-Cup 29th"]
[Site "Pula"]
[Date "1986.05.20"]
[Round "2.2"]
[White "Sifrer, Darko"]
[Black "Zarkovic, Jugoslav"]
[Result "1-0"]
[WhiteElo "2320"]
[BlackElo "2360"]
[PlyCount "61"]
[EventDate "1986.05.19"]
[EventType "team"]
[EventRounds "5"]
[EventCountry "YUG"]
[SourceTitle "EXT 2018"]
[Source "ChessBase"]
[SourceDate "2017.10.13"]
[SourceVersion "1"]
[SourceVersionDate "2017.10.13"]
[SourceQuality "1"]
[WhiteTeam "Ljubljana Iskra"]
[BlackTeam "Bugojno Iskra"]
[WhiteTeamCountry "YUG"]
[BlackTeamCountry "YUG"]

1. Nf3 f5 2. d4 Nf6 3. e3 g6 4. c4 Bg7 5. Nc3 d6 6. Bd3 0-0 7. 0-0 Nc6 8. d5 Nb4 9. a3 Nxd3 10. Qxd3 e5 11. dxe6 Bxe6 12. Rd1 Kh8 13. b3 Nd7 14. Bb2 f4 15. exf4 Nc5 16. Qe2 Bg4 17. Ne4 Ne6 18. Bxg7+ Nxg7 19. h3 Bd7 20. Qd2 Nh5 21. Qd4+ Ng7 22. Qd2 Nh5 23. Qd4+ Ng7 24. Nc5 Bc8 25. Nd3 h6 26. c5 Kh7 27. cxd6 cxd6 28. Nde5 Nf5 29. Qd3 Be6 30. Nd4 dxe5 31. Nxe6 1-0

[Event "YUG Team Cup-27"]
[Site "Pula"]
[Date "1984.05.16"]
[Round "3.2"]
[White "Sindik, Ervin"]
[Black "Zarkovic, Jugoslav"]
[Result "1/2-1/2"]
[WhiteElo "2315"]
[BlackElo "2330"]
[PlyCount "103"]
[EventDate "1984.05.14"]
[EventType "team-swiss"]
[EventRounds "5"]
[EventCountry "YUG"]
[SourceTitle "EXT 2012"]
[Source "ChessBase"]
[SourceDate "2011.11.24"]
[SourceVersion "1"]
[SourceVersionDate "2011.11.24"]
[SourceQuality "1"]
[WhiteTeam "Zagreb PTT"]
[BlackTeam "Bugojno Iskra"]
[WhiteTeamCountry "YUG"]
[BlackTeamCountry "YUG"]

1. e4 c5 2. Nf3 e6 3. d4 cxd4 4. Nxd4 Nc6 5. Nc3 Qc7 6. Be3 a6 7. Bd3 b5 8. Nxc6 Qxc6 9. e5 Bb7 10. Be4 Qc7 11. Bxb7 Qxb7 12. Qd3 Rd8 13. Ne4 Qb8 14. 0-0-0 Qxe5 15. Bb6 d5 16. Bxd8 Kxd8 17. Nd2 Nf6 18. g3 Qc7 19. Rhe1 Bd6 20. f4 Kd7 21. Nf3 h6 22. Kb1 Rb8 23. Re2 Ke7 24. Nd4 Bc5 25. Nf3 Bd6 26. Rde1 Kf8 27. f5 exf5 28. Qxf5 b4 29. g4 Qd7 30. Qxd7 Nxd7 31. Rd1 Nf6 32. h3 Bc5 33. Ne5 Bd6 34. Nf3 a5 35. h4 Nxg4 36. Rxd5 Bc5 37. Ne5 Nxe5 38. Rexe5 Be7 39. h5 Bf6 40. Re4 Ra8 41. Rc4 g6 42. hxg6 Re8 43. c3 bxc3 44. g7+ Kxg7 45. bxc3 Be5 46. Rxa5 h5 47. Re4 f6 48. c4 Kg6 49. c5 Rh8 50. c6 h4 51. Raxe5 fxe5 52. Rxe5 1/2-1/2